000 00268nam a22001217a 4500
082 _a621.3815287 THY'D
100 _aD. A. T. A. BOOK
_975814
245 _aTHYRISTOR
250 _a15TH
260 _aCALIFORNIA
_bD. A. T. A. INC
_c1981
300 _a366P
942 _cBK
999 _c581224
_d581224